| 000 | 00596nam a2200157 a 4500 | ||
|---|---|---|---|
| 008 | 120416s1968 ||||||||||||||||| || u | ||
| 050 | _aTA 418.14 Eng | ||
| 100 | _aHeyman, J | ||
| 245 | 1 | 0 |
_aEngineering plasticity _cedited by J. Heyman |
| 246 | _apapers for a conference held in Cambridge, March 1968 | ||
| 260 |
_aCambridge _bThe University Press _c1968 |
||
| 300 | _aviii, 705p. : ill | ||
| 350 | _a0.00 | ||
| 700 | _aLeckie, F. A | ||
| 995 |
_D0.00 _FCBU-MAIN LIBRARY (Kitwe) _H1 _I12.00 _M1 _UAVAILABLE _ZAnnex Low-Usage Collection |
||
| 999 |
_c41984 _d41984 |
||